Information systems essentials (Record no. 6860)

MARC details
000 -LEADER
fixed length control field 01207nam a2200205 4500
020 ## - INTERNATIONAL STANDARD BOOK NUMBER
ISBN 0071286284
022 ## - INTERNATIONAL STANDARD SERIAL NUMBER
ISSN 9780071286282
050 ## - CALL NUMBER
Classification number T58.6
Item number .H17
100 ## - AUTHOR
Personal name Haag, Stephen
245 ## - TITLE
Title Information systems essentials
Statement of responsibility, etc Stephen Haag; Maeve Cummings
250 ## - EDITION
Edition statement 2nd
260 ## - PUBLICATION INFORMATION
Place of publication Boston :
Name of publisher McGraw-Hill,
Year of publication 2008.
300 ## - DESCRIPTION
Number of Pages xxx, 462 pages :
Other physical details color illustrations ;
Dimensions 28 cm
500 ## - NOTES
General note Includes index<br/>
505 ## - FORMATTED CONTENTS NOTE
Table of Content 1 The Information Age in which You Live: Changing the Face of Business2 Major Business Initiatives: Gaining Competitive Advantage with IT3 Databases and Data Warehouses: Building Business Intelligence4 Decision Support and Artificial Intelligence: Brainpower for Your Business5 Electronic Commerce: Strategies for the New Economy6 Systems Development: Phases, Tools, and Techniques7 Enterprise Infrastructure, Metrics, and Business Continuity Planning: Building and Sustaining the Dynamic Enterprise8 Protecting People and Information: Threats and Safeguards9 Emerging Trends and Technologies: Business, People, and Technology Tomorrow
650 ## - SUBJECTS
Topical Term Management information systems.
650 ## - SUBJECTS
Topical Term Information technology.
700 ## - OTHER AUTHORS
Personal name Cummings, Maeve
942 ## - ADDED ENTRY ELEMENTS (KOHA)
Koha item type Books
Holdings
Withdrawn status Lost status Collection code Home library Current library Shelving location Date acquired Full call number Accession Number Koha item type
    Reference Methodist University Library Main Methodist University Library Main General Stacks   T58.6 .H17 29719 Books
Copyright © 2026  MUG Library